Loading...
| Science - Physics | 0 | 8 | 0 | 2 | 80 | 13 | 34.88 | 4 | 7 | 0.00 | 0.00 |
| Fine Arts - Other | 0 | 7 | 1 | 0 | 65 | 76 | 95.00 | 0 | 6 | 0.00 | 0.00 |
| Fine Arts - Classical Music | 0 | 7 | 1 | 0 | 65 | 59 | 87.71 | 1 | 6 | 0.00 | 0.00 |
| History - Other | 0 | 6 | 1 | 1 | 55 | 18 | 77.00 | 1 | 6 | 0.00 | 0.00 |
| Literature - European | 0 | 5 | 0 | 2 | 50 | 66 | 94.00 | 0 | 4 | 0.00 | 0.00 |
| Science - Other | 0 | 5 | 0 | 1 | 50 | 17 | 61.20 | 2 | 4 | 0.00 | 0.00 |
| Literature - American | 0 | 5 | 0 | 0 | 50 | 48 | 92.00 | 1 | 2 | 0.00 | 0.00 |
| Literature - World | 0 | 5 | 1 | 0 | 45 | 40 | 80.80 | 1 | 3 | 0.00 | 0.00 |
| Religion | 0 | 4 | 0 | 1 | 40 | 55 | 83.50 | 2 | 4 | 0.00 | 0.00 |
| History - World | 0 | 4 | 1 | 0 | 35 | 64 | 73.75 | 3 | 4 | 0.00 | 0.00 |
| History - European | 0 | 4 | 1 | 0 | 35 | 25 | 57.75 | 2 | 4 | 0.00 | 0.00 |
| Science - Biology | 0 | 4 | 1 | 2 | 35 | 46 | 74.25 | 1 | 3 | 0.00 | 0.00 |
| Social Science | 0 | 4 | 2 | 0 | 30 | 49 | 58.75 | 3 | 4 | 0.00 | 0.00 |
| Literature - British | 0 | 3 | 0 | 1 | 30 | 50 | 65.00 | 0 | 2 | 0.00 | 0.00 |
| Philosophy | 0 | 3 | 0 | 1 | 30 | 54 | 86.00 | 0 | 3 | 0.00 | 0.00 |
| Current Events | 0 | 3 | 0 | 0 | 30 | 61 | 78.00 | 0 | 3 | 0.00 | 0.00 |
| Science - Chemistry | 0 | 3 | 1 | 0 | 25 | 50 | 63.67 | 1 | 2 | 0.00 | 0.00 |
| Geography | 0 | 2 | 1 | 0 | 15 | 84 | 90.00 | 0 | 1 | 0.00 | 0.00 |
| Fine Arts - Painting and Sculpture | 0 | 1 | 0 | 0 | 10 | 106 | 106.00 | 0 | 1 | 0.00 | 0.00 |
| Popular Culture | 0 | 1 | 0 | 0 | 10 | 73 | 73.00 | 1 | 1 | 0.00 | 0.00 |
| History - American | 0 | 1 | 2 | 1 | 0 | 109 | 109.00 | 0 | 1 | 0.00 | 0.00 |
| Mythology | 0 | 0 | 1 | 0 | -5 | 0.00 | 0 | 0 | 0.00 | 0.00 |